00353nam a2200121Ia 4500008004100000041000800041082002000049100003300069245007200102260003200174300000800206502001700214230128s9999 xx 000 0 und d aeng aGOV PR0479bGOV aGovardhan Bhakti - 2K101062 aIdentification of Training Needs & Preparation of Training Calendar c2012bPune UniversityaPune a54p cJadhav Geeta